A guide to treatments that work / (Record no. 4773)
[ view plain ]
| 000 -LEADER | |
|---|---|
| fixed length control field | 00683cam a22002054a 4500 |
| 020 ## - ISBN | |
| International Standard Book Number | 0195140729 (cloth : alk. paper) |
| 050 00 - LIBRARY OF CONGRESS CALL NUMBER | |
| Classification Number | RC480.5 |
| Item Number | .G85 2002 |
| 245 02 - TITLE | |
| Title | A guide to treatments that work / |
| Statement of responsibility, etc | edited by Peter E. Nathan, Jack M. Gorman. |
| 250 ## - EDITIONSTATEMENT | |
| Edition statement | 2nd ed. |
| 260 ## - PUBLICATION, DISTRIBUTION, ETC.(IMPRINT) | |
| Place of publication, distribution, etc | New York : |
| Name of publisher, distributor, etc | Oxford University Press, |
| Date of publication, distribution, etc | 2002. |
| 300 ## - PHYSICAL DESCRIPTION | |
| Extent | xii, 681 p. : |
| 650 #0 - SUBJECT--TOPIC | |
| General subdivision | Treatment |
| -- | Evaluation. |
| 650 12 - SUBJECT--TOPIC | |
| General subdivision | therapy. |
| 650 22 - SUBJECT--TOPIC | |
| General subdivision | methods. |
| 700 0# - ADDED ENTRY--PERSONAL AUTHOR | |
| Personal Name | Nathan, Peter E. |
| 700 0# - ADDED ENTRY--PERSONAL AUTHOR | |
| Personal Name | Gorman, Jack M. |
| 856 41 - URL/ELECTRONIC LOCATION AND ACCESS | |
| Uniform Resource Identifier | <a href="http://www.loc.gov/catdir/enhancements/fy0612/2001034636-t.html">http://www.loc.gov/catdir/enhancements/fy0612/2001034636-t.html</a> |
| 856 42 - URL/ELECTRONIC LOCATION AND ACCESS | |
| Uniform Resource Identifier | <a href="http://www.loc.gov/catdir/enhancements/fy0612/2001034636-d.html">http://www.loc.gov/catdir/enhancements/fy0612/2001034636-d.html</a> |
| 942 ## - ADDED ENTRY ELEMENTS(KOHA) | |
| Source of classification or shelving scheme | Library of Congress Classification |
| Koha item type | General circulation |
| Source of classification or shelving scheme | Not for loan | Location (home branch) | Sublocation (holding branch) | Shelving location | Date accessioned | Full call number | Barcode | Koha item type | Public note |
|---|---|---|---|---|---|---|---|---|---|
| Library of Congress Classification | Main Campus Library | Main Campus Library | 01/07/2015 | RC480.5 .G85 2002 | 2015/001412 | General circulation | amm |